000 00411nam a22001457a 4500
005 20150206165931.0
008 150206b xxu||||| |||| 00| 0 eng d
040 _adpl
245 0 4 _aFreedom from the past
260 _aPuducherry
_bSri Aurobindo Society
300 _av :
_c20cm
310 _aMonthly
270 _a11 Saint Martin Street,
_bPuducherry
_dIndia
_e605001
_minfo@aurosociety.org
942 _2ddc
_cSR
_s1
999 _c91305
_d91305